|
|
|
|
| LEADER |
00000nam0a2200000 4500 |
| 001 |
345664 |
| 005 |
20231102005811.0 |
| 010 |
|
|
|a 9785836505073
|
| 035 |
|
|
|a (RuTPU)RU\TPU\book\377517
|
| 090 |
|
|
|a 345664
|
| 100 |
|
|
|a 20210208d2020 k y0rusy50 ca
|
| 101 |
0 |
|
|a rus
|
| 102 |
|
|
|a RU
|
| 105 |
|
|
|a a z 001zy
|
| 200 |
1 |
|
|a Нефтегазоносные провинции морей России и сопредельных акваторий
|e в 4 кн.
|h Кн. 2
|i История освоения и общая характеристика морской периферии России. Нефтегазоносные провинции морей Западной Арктики
|f Б. В. Сенин, В. Ю. оглы Керимов, В. И. Богоявленский [и др.]
|
| 210 |
|
|
|a Москва
|c Недра
|d 2020
|
| 215 |
|
|
|a 341 с.
|c ил.
|
| 320 |
|
|
|a Библиогр.: с. 317-338
|
| 330 |
|
|
|a Цикл из четырёх монографий суммирует основные результаты изучения геологии и нефтегазоносное Мирового океана и двенадцати нефтегазоносных и перспективных российских акваторий, полученные различными морскими организациями в период с 60-70-х гг. XX в. до середины второго десятилетия XXI в. Рассматриваются основные этапы истории, методы и технологии изучения и освоения геологической среды Мирового океана и морской периферии России. Приводятся систематизированные материалы о физико-географическом, административном, промышленном и экологическом статусе, текущем состоянии геолого-геофизической изученности каждой из российских акваторий; изложены современные данные и представления об основных чертах их геологического строения и нефтегазоносности; рассмотрены проблемы и перспективы изучения и освоения углеводородного потенциала морей России. Первая книга этого цикла, посвященная вопросам общей геологии, поискам и разведке месторождений УВ на акваториях Мирового океана, вышла в свет в 2016 г. Во второй книге приводятся материалы по истории освоения морской периферии России; излагается её общая геолого-географическая и нефтегазогеологическая характеристика; рассматриваются нефтегазоносные провинции морей Западной Арктики. В третьей и четвёртой книгах будут рассмотрены нефтегазоносные провинции морей Восточной Арктики, Дальнего Востока, юга России и Балтики, проблемы и перспективы изучения и освоения УВ потенциала российских акваторий. Для отраслевых специалистов производственной и управленческой сферы и научных работников, занятых в области поисков, разведки и освоения углеводородных ресурсов континентального шельфа, а также студентов вузов, изучающих курсы геологии, поисков и разведки морских месторождений нефти и газа. Издание может быть рекомендовано в качестве учебного пособия по соответствующим курсам.
|
| 606 |
1 |
|
|a Нефтегазовые месторождения, морские
|x (геология)
|2 stltpush
|3 (RuTPU)RU\TPU\subj\79661
|9 87936
|
| 610 |
1 |
|
|a нефтегазоносные провинции
|
| 610 |
1 |
|
|a моря
|
| 610 |
1 |
|
|a Россия
|
| 610 |
1 |
|
|a сопредельные акватории
|
| 610 |
1 |
|
|a Западная Арктика
|
| 610 |
1 |
|
|a морские месторождения
|
| 610 |
1 |
|
|a Баренцево море
|
| 610 |
1 |
|
|a Карское море
|
| 675 |
|
|
|a 553.98(26)
|v 4
|
| 701 |
|
1 |
|a Сенин
|b Б. В.
|g Борис Васильевич
|
| 701 |
|
1 |
|a Керимов
|b В. Ю. оглы
|g Вагиф Юнус
|
| 701 |
|
1 |
|a Богоявленский
|b В. И.
|g Василий Игоревич
|
| 701 |
|
1 |
|a Леончик
|b М. И.
|g Михаил Иванович
|
| 701 |
|
1 |
|a Мустаев
|b Р. Н.
|g Рустам Наильевич
|
| 801 |
|
1 |
|a RU
|b 63413507
|c 20210208
|
| 801 |
|
2 |
|a RU
|b 63413507
|c 20220112
|g RCR
|
| 942 |
|
|
|c BK
|